000 00798nam a2200241Ia 4500
999 _c51156
_d51156
003 GCL
005 20240530104840.0
008 140319s9999 xx 000 0 ara d
020 _a5068376977
040 _aGCL /
_cGCL
082 0 4 _a239.9
_bم م
100 1 _aمنصور عبدالحكيم
245 1 0 _a150 قصة للصالحين والزهاد /
_cمنصور عبدالحكيم
260 _aالقاهرة :
_bدار الكتاب العربى ،
_c2005
300 _aمتعدد ؛
_c25 سم
490 _a150 قصة
_v0
650 0 4 _aالسيرة النبوية
650 0 4 _aالصحابة والتابعون
650 0 4 _aالخلفاء الراشدون
650 0 4 _aعلى بن ابى طالب
650 0 4 _aالسيرة النبوية - المعجزات
942 _2ddc
_cBK